[Event "Asian Schools-ch 14th U13 Girls"]
[Site "Waskaduwa"]
[Date "2018.07.10"]
[Round "3.4"]
[White "Dilanya, WV Nethmi"]
[Black "Omonova, Umida"]
[Result "0-1"]
[WhiteElo "1250"]
[BlackElo "1733"]
[PlyCount "52"]
[EventDate "2018.07.09"]
[EventType "swiss"]
[EventRounds "9"]
[EventCountry "SRI"]
[SourceTitle "EXT 2024"]
[Source "ChessBase"]
[SourceDate "2023.10.10"]
[SourceVersion "1"]
[SourceVersionDate "2023.10.10"]
[SourceQuality "1"]

1. e4 c5 2. Nc3 Nc6 3. d3 g6 4. Be3 d6 5. g3 Bg7 6. Qd2 e6 7. Bg2 h5 8. h3 Nge7 9. Nge2 Nd4 10. Bg5 Rb8 11. g4 b5 12. f3 Qc7 13. Nd1 Bd7 14. Kf2 f6 15. Bh4 Kf7 16. Bg3 e5 17. c3 Ne6 18. Ne3 h4 19. Bh2 Bh6 20. Rac1 d5 21. exd5 Bxe3+ 22. Qxe3 Nxd5 23. Qd2 Rbd8 24. Kg1 g5 25. d4 cxd4 26. cxd4 Qb6 0-1

[Event "SRI-ch (Women)"]
[Site "Colombo"]
[Date "2017.08.16"]
[Round "11"]
[White "Dilanya, WV Nethmi"]
[Black "De Silva, Chamindra"]
[Result "1/2-1/2"]
[WhiteElo "1353"]
[BlackElo "1550"]
[PlyCount "81"]
[EventDate "2017.08.10"]
[EventType "tourn"]
[EventRounds "13"]
[EventCountry "SRI"]
[SourceTitle "CBM 180 Extra"]
[Source "ChessBase"]
[SourceDate "2017.10.06"]
[SourceVersion "1"]
[SourceVersionDate "2017.10.06"]
[SourceQuality "1"]

1. e4 c5 2. Nc3 d6 3. Nge2 Nf6 4. d3 a6 5. f3 e6 6. Be3 b5 7. Qd2 Qc7 8. d4 cxd4 9. Nxd4 Be7 10. Bd3 Nbd7 11. 0-0 Bb7 12. Qf2 d5 13. a3 0-0 14. exd5 Nxd5 15. Nxd5 Bxd5 16. Rac1 Bc4 17. Bxc4 Qxc4 18. Qe2 Rac8 19. Qxc4 Rxc4 20. Nb3 Rfc8 21. Rfd1 Nf6 22. c3 h6 23. Na5 R4c7 24. Bb6 Rd7 25. Rxd7 Nxd7 26. Be3 Bc5 27. Bxc5 Nxc5 28. b4 Nd3 29. Rc2 Ne5 30. Kf2 Kf8 31. Ke2 Ke7 32. f4 Ng4 33. h3 Nf6 34. c4 bxc4 35. Rxc4 Rxc4 36. Nxc4 Nd5 37. g3 f6 38. Kd3 Kd7 39. Kd4 Kc6 40. Na5+ Kb5 41. Nc4 1/2-1/2

[Event "SRI-ch (Women)"]
[Site "Colombo"]
[Date "2017.08.15"]
[Round "10"]
[White "Jayaweera, Sayuni Gihansa"]
[Black "Dilanya, WV Nethmi"]
[Result "1-0"]
[WhiteElo "1701"]
[BlackElo "1353"]
[PlyCount "77"]
[EventDate "2017.08.10"]
[EventType "tourn"]
[EventRounds "13"]
[EventCountry "SRI"]
[SourceTitle "CBM 180 Extra"]
[Source "ChessBase"]
[SourceDate "2017.10.06"]
[SourceVersion "1"]
[SourceVersionDate "2017.10.06"]
[SourceQuality "1"]

1. d4 d5 2. c4 e6 3. Nf3 Nf6 4. g3 c5 5. cxd5 Nxd5 6. Bg2 Nc6 7. 0-0 b6 8. Nc3 Nf6 9. Ne5 Nxe5 10. Bxa8 cxd4 11. Ne4 Ned7 12. Qxd4 Ba6 13. Nxf6+ Qxf6 14. Qxf6 Nxf6 15. Bc6+ Nd7 16. Rd1 Bc8 17. Bf4 Bc5 18. Rd3 Ke7 19. Rad1 Nf6 20. a3 a5 21. Bd6+ Bxd6 22. Rxd6 Ba6 23. e4 Rb8 24. e5 Ne8 25. Rd7+ Kf8 26. Rd8 Rc8 27. Rxc8 Bxc8 28. Rd8 Bd7 29. Rxd7 g6 30. Rd8 Kg7 31. Bxe8 b5 32. Bxb5 h6 33. b4 axb4 34. axb4 h5 35. Bc4 Kh6 36. b5 Kg7 37. b6 Kh6 38. b7 Kg7 39. b8Q 1-0

[Event "SRI-ch (Women)"]
[Site "Colombo"]
[Date "2017.08.13"]
[Round "6"]
[White "Dilanya, WV Nethmi"]
[Black "Gunawardana, IMTM"]
[Result "0-1"]
[WhiteElo "1353"]
[BlackElo "1503"]
[PlyCount "70"]
[EventDate "2017.08.10"]
[EventType "tourn"]
[EventRounds "13"]
[EventCountry "SRI"]
[SourceTitle "CBM 180 Extra"]
[Source "ChessBase"]
[SourceDate "2017.10.06"]
[SourceVersion "1"]
[SourceVersionDate "2017.10.06"]
[SourceQuality "1"]

1. e4 e5 2. Nf3 Nc6 3. Bc4 Nf6 4. d3 Be7 5. c3 d6 6. b4 0-0 7. h3 d5 8. exd5 Nxd5 9. 0-0 Bf6 10. Re1 a6 11. Be3 Nxe3 12. Rxe3 b5 13. Bb3 Bf5 14. a4 Rb8 15. Bc2 Re8 16. Nbd2 Re6 17. Ne4 Be7 18. Ng3 Bg6 19. Qe2 Bd6 20. Bb3 Re8 21. Ne4 Ne7 22. Nh4 Nd5 23. Bxd5 Qxh4 24. Rg3 Be7 25. Rg4 Qh6 26. Ng3 Bd6 27. a5 c5 28. Rc1 Qxc1+ 29. Kh2 e4 30. dxe4 Bh5 31. Rxg7+ Kxg7 32. Qxh5 Qf4 33. Kg1 Re5 34. Nf5+ Rxf5 35. exf5 Qc1+ 0-1

[Event "SRI-ch (Women)"]
[Site "Colombo"]
[Date "2017.08.11"]
[Round "3"]
[White "Goyumi, Sasika MW"]
[Black "Dilanya, WV Nethmi"]
[Result "1-0"]
[WhiteElo "1627"]
[BlackElo "1353"]
[PlyCount "77"]
[EventDate "2017.08.10"]
[EventType "tourn"]
[EventRounds "13"]
[EventCountry "SRI"]
[SourceTitle "CBM 180 Extra"]
[Source "ChessBase"]
[SourceDate "2017.10.06"]
[SourceVersion "1"]
[SourceVersionDate "2017.10.06"]
[SourceQuality "1"]

1. e4 d5 2. exd5 Qxd5 3. Nc3 Qa5 4. d4 c6 5. Bc4 Nf6 6. Nf3 e6 7. Ne5 Bd6 8. Qe2 a6 9. f4 b5 10. Bb3 Bb7 11. Nxf7 Be7 12. Nxh8 Bc8 13. Bxe6 Qc7 14. Nf7 Bxe6 15. Qxe6 Qd7 16. Qxd7+ Nbxd7 17. Ne5 c5 18. Be3 0-0-0 19. Nxd7 Nxd7 20. Nd5 Bf8 21. dxc5 Nxc5 22. Bxc5 Bxc5 23. 0-0-0 Rf8 24. Rhe1 h6 25. Re6 Kb7 26. g3 a5 27. Ne7 Bxe7 28. Rxe7+ Kc8 29. Rxg7 b4 30. Rd6 Re8 31. Rb6 Re1+ 32. Kd2 Re8 33. Ra7 Re4 34. Rxh6 Rd4+ 35. Ke3 Rd8 36. Ra8+ Kc7 37. Rh7+ Rd7 38. Ra7+ Kc6 39. Raxd7 1-0

[Event "SRI-ch (Women)"]
[Site "Colombo"]
[Date "2017.08.10"]
[Round "2"]
[White "Dilanya, WV Nethmi"]
[Black "Udagedara, Sandali Kanishka"]
[Result "0-1"]
[WhiteElo "1353"]
[BlackElo "1589"]
[PlyCount "96"]
[EventDate "2017.08.10"]
[EventType "tourn"]
[EventRounds "13"]
[EventCountry "SRI"]
[SourceTitle "CBM 180 Extra"]
[Source "ChessBase"]
[SourceDate "2017.10.06"]
[SourceVersion "1"]
[SourceVersionDate "2017.10.06"]
[SourceQuality "1"]

1. e4 c5 2. Nc3 Nc6 3. Nge2 g6 4. d3 Bg7 5. Be3 b6 6. Qd2 a6 7. f3 e6 8. h4 h5 9. Bg5 Nge7 10. g4 Ne5 11. Bg2 hxg4 12. fxg4 f6 13. Be3 Nxg4 14. e5 Ra7 15. exf6 Bxf6 16. Bg5 Nf5 17. Ne4 Bxg5 18. hxg5 Rxh1+ 19. Bxh1 d5 20. N4g3 Rh7 21. 0-0-0 Nfe3 22. Rg1 Qxg5 23. Nf1 Qh6 24. Bf3 Nxf1 25. Qxh6 Rxh6 26. Bxg4 Nh2 27. Nc3 Nxg4 28. Rxg4 Bd7 29. Rg5 Kf7 30. Nd1 Kf6 31. Rg1 e5 32. Ne3 Be6 33. a3 Rh3 34. Kd2 Rh2+ 35. Kc1 g5 36. Rf1+ Kg6 37. Rg1 Kh5 38. Rf1 g4 39. Rf6 d4 40. Rxe6 dxe3 41. Rxe5+ Kh4 42. Rxe3 g3 43. Re8 g2 44. Rh8+ Kg5 45. Rg8+ Kf6 46. b3 Rh1+ 47. Kb2 g1Q 48. Rxg1 Rxg1 0-1

[Event "SRI-ch (Women)"]
[Site "Colombo"]
[Date "2017.08.10"]
[Round "1"]
[White "Wijesuriya, GPY"]
[Black "Dilanya, WV Nethmi"]
[Result "1-0"]
[WhiteElo "1603"]
[BlackElo "1353"]
[PlyCount "91"]
[EventDate "2017.08.10"]
[EventType "tourn"]
[EventRounds "13"]
[EventCountry "SRI"]
[SourceTitle "CBM 180 Extra"]
[Source "ChessBase"]
[SourceDate "2017.10.06"]
[SourceVersion "1"]
[SourceVersionDate "2017.10.06"]
[SourceQuality "1"]

1. e4 d5 2. exd5 Qxd5 3. Nc3 Qa5 4. d4 c6 5. Nf3 Nf6 6. Bd2 Qc7 7. Bc4 e6 8. Qe2 Bd6 9. Ne5 b5 10. Bxb5 cxb5 11. Nxb5 Qe7 12. Qf3 Bxe5 13. dxe5 Nd5 14. Nd6+ Kd7 15. c4 Nb6 16. Rd1 Nc6 17. Nxc8 Kxc8 18. Qxc6+ Qc7 19. Qxc7+ Kxc7 20. Ba5 Kc8 21. Ke2 Rb8 22. Bxb6 Rxb6 23. Rd2 Rd8 24. Rhd1 Rxd2+ 25. Rxd2 Kb7 26. Ke3 Ra6 27. a3 Rc6 28. Kd4 a5 29. c5 h6 30. Kc4 f6 31. Rd6 fxe5 32. Rxc6 Kxc6 33. b4 axb4 34. axb4 g5 35. b5+ Kc7 36. g3 h5 37. Kb4 e4 38. Ka5 Kb7 39. c6+ Ka7 40. b6+ Kb8 41. Ka6 e3 42. fxe3 h4 43. b7 Kc7 44. Ka7 hxg3 45. b8Q+ Kxc6 46. Qxg3 1-0

[Event "SRI-chB (Women)"]
[Site "Narahenpita"]
[Date "2017.05.20"]
[Round "8"]
[White "Dilanya, WV Nethmi"]
[Black "Sanudula, KM Dahamdi"]
[Result "1-0"]
[WhiteElo "1215"]
[BlackElo "1294"]
[PlyCount "117"]
[EventDate "2017.05.12"]
[EventType "swiss"]
[EventRounds "10"]
[EventCountry "SRI"]
[SourceTitle "CBM 178 Extra"]
[Source "ChessBase"]
[SourceDate "2017.06.22"]
[SourceVersion "1"]
[SourceVersionDate "2017.06.22"]
[SourceQuality "1"]

1. e4 d5 2. exd5 Qxd5 3. Nc3 Qa5 4. Bc4 c6 5. d3 Nf6 6. h3 Bf5 7. Nf3 h6 8. Bd2 Qc7 9. Qe2 e6 10. 0-0 Be7 11. Rfe1 Qd6 12. Ne4 Bxe4 13. dxe4 Qc7 14. Bc3 Nbd7 15. Rad1 0-0-0 16. b4 Nb6 17. Bd3 a6 18. Be5 Qd7 19. a3 Qe8 20. Qe3 Nfd7 21. Bd4 Kc7 22. c4 Bf6 23. e5 Be7 24. Ra1 Na4 25. c5 Ra8 26. Bc2 b5 27. Qd2 f6 28. exf6 Bxf6 29. Bxf6 Nxf6 30. Qd6+ Kc8 31. Bf5 Qd8 32. Qxc6+ Kb8 33. Rxe6 Qc7 34. Qxc7+ Kxc7 35. Re7+ Kd8 36. Rxg7 Rg8 37. Rf7 Nh5 38. Bg4 Ng7 39. Rd1+ Ke8 40. Rdd7 h5 41. Ne5 Nf5 42. Bxf5 Rc8 43. Rfe7+ Kf8 44. Ng6+ Rxg6 45. Bxg6 Kg8 46. Re8+ Rxe8 47. Bxe8 Kf8 48. Bxh5 Kg8 49. c6 Nb6 50. Rb7 Nd5 51. Bf7+ Kg7 52. Bxd5+ Kf6 53. c7 Ke5 54. c8Q Kxd5 55. Rd7+ Ke6 56. Qe8+ Kf6 57. Rf7+ Kg6 58. Qg8+ Kh6 59. Rh7# 1-0

[Event "SRI-chB (Women)"]
[Site "Narahenpita"]
[Date "2017.05.20"]
[Round "7"]
[White "Tharushi, THD Niklesha"]
[Black "Dilanya, WV Nethmi"]
[Result "1-0"]
[WhiteElo "1643"]
[BlackElo "1215"]
[PlyCount "143"]
[EventDate "2017.05.12"]
[EventType "swiss"]
[EventRounds "10"]
[EventCountry "SRI"]
[SourceTitle "CBM 178 Extra"]
[Source "ChessBase"]
[SourceDate "2017.06.22"]
[SourceVersion "1"]
[SourceVersionDate "2017.06.22"]
[SourceQuality "1"]

1. d4 d5 2. c4 e6 3. Nc3 Nf6 4. cxd5 exd5 5. Bg5 Be7 6. e3 c6 7. Bd3 Nbd7 8. Nge2 a6 9. Qc2 h6 10. Bf4 c5 11. dxc5 Nxc5 12. Rd1 Nxd3+ 13. Qxd3 Be6 14. 0-0 0-0 15. Be5 Ng4 16. Bg3 Nf6 17. Nf4 Qb6 18. Nfxd5 Bxd5 19. Nxd5 Nxd5 20. Qxd5 Rfd8 21. Qe4 Bf6 22. b3 Re8 23. Qa4 Be5 24. Bxe5 Rxe5 25. Qd4 Qe6 26. Qd7 Qe7 27. h3 Kf8 28. Rd4 Qxd7 29. Rxd7 Rb8 30. Rc1 Re7 31. Rxe7 Kxe7 32. Rc7+ Ke8 33. Kh2 b6 34. Kg3 a5 35. Kf3 Rd8 36. Rb7 Rd6 37. a4 Re6 38. e4 Kf8 39. Ke3 Ke8 40. f4 Rg6 41. g4 Rd6 42. e5 Re6 43. Kd4 Rc6 44. f5 Kf8 45. h4 Ke8 46. g5 hxg5 47. hxg5 Kf8 48. Kd5 Rc3 49. Rxb6 Rg3 50. f6 gxf6 51. gxf6 Kg8 52. Rb8+ Kh7 53. Rf8 Rd3+ 54. Kc4 Rd7 55. Ra8 Rc7+ 56. Kd5 Rb7 57. Rxa5 Rxb3 58. Rb5 Ra3 59. a5 Kg6 60. Kc6 Rc3+ 61. Kb7 Ra3 62. a6 Ra4 63. a7 Ra2 64. a8Q Rxa8 65. Kxa8 Kf5 66. Kb7 Ke6 67. Kc7 Kf5 68. Kd7 Kg6 69. Ke7 Kh7 70. Kxf7 Kh6 71. e6 Kh7 72. Rh5# 1-0